| 000 | 00403cam a2200169ua 4500 | ||
|---|---|---|---|
| 020 | _a0-412-23100-X | ||
| 041 |
_aeng _h |
||
| 082 |
_a574.53 _bPIM/FO |
||
| 100 | _aPimm, Stuart L . | ||
| 245 |
_aFood webs / _cStuart L Pimm. _hTextual Documents |
||
| 250 |
_a1 / _b. |
||
| 260 |
_aLondon : _bChapman and Hall Ltd , _c1982. |
||
| 300 | _a219 ; . | ||
| 504 | _a | ||
| 942 | _cBK | ||
| 999 |
_c9794 _d9794 |
||